000 00197 a2200097 4500
001 23018
100 _aAbegg, L
245 _aMind of East Asia
260 _a
_bThames
_c1952
090 _c15561
_d15561
942 _aNUST-CAE
_cM
_c6182
999 _c258091
_d258091